Pokémon Letter "B" for each type - Statistics

General Stats
  • This quiz has been taken 17 times
    13 since last reset
  • The average score is 10 of 17
Answer Stats
Type Pokémon % Correct
Water Barbaracle|Barboach|Barraskewda|Basculegion|Basculin|Bibarel|Binacle|Blastoise| Brionne|Bruxish|Buizel
88%
Normal Bewear|Bibarel|Bidoof|Blissey|Bouffalant|Braviary|Buneary|Bunnelby
88%
Grass Bayleef|Bellossom|Bellsprout|Bounsweet|Brambleghast|Bramblin|Breloom| Brute Bonnet|Budew|Bulbasaur
75%
Flying Beautifly|Bombirdier|Braviary|Butterfree
75%
Poison Beedrill|Bellsprout|Budew|Bulbasaur
75%
Fire Blacephalon|Blaziken|Braixen
75%
Ghost Banette|Basculegion|Blacephalon|Brambleghast|Bramblin
63%
Bug Beautifly|Beedrill|Blipbug|Burmy|Butterfree|Buzzwole
63%
Ground Baltoy|Barboach
50%
Steel Bastiodon|Bisharp|Bronzong|Bronzor
50%
Psychic Beheeyem|Beldum|Bronzong|Bronzor|Bruxish
50%
Fighting Bewear|Blaziken|Breloom|Buzzwole
50%
Dragon Bagon|Baxcalibur
38%
Rock Barbaracle|Bastiodon|Binacle|Bonsly
38%
Ice Baxcalibur|Beartic|Bergmite
38%
Electric Bellibolt|Blitzle|Boltund
38%
Dark Bisharp|Bombirdier|Brute Bonnet
38%
No matching quizzes found
Score Distribution
Percent of People with Each Score
Percentile by Number Answered
Your Score History
You have not taken this quiz since the last reset